00420nam a2200145Ia 4500003000400000005001700004008004100021040001800062041000800080100004200088110002000130245006300150260002000213710004100233OSt20260309113021.0211028s2011 xx 000 0 und d cAIMIT LIBRARY aeng aVysakhi, V; Suvaris, Roshan D.g81734 aAravind Prabhu. aRemote control of a personal computer using mobile phone / aBangalorec2011 aMaventic Innovative Solution Pvt Ltd